[Event "Gp A"]
[Site "Cap d'Agde FRA"]
[Date "2003.10.26"]
[Round "5"]
[White "Gelfand, Boris"]
[Black "Topalov, Veselin"]
[Result "1-0"]
[WhiteElo "2703"]
[BlackElo "2735"]
[EventDate "2003.10.24"]

1.e4 c5 2.Cf3 d6 3.d4 cxd4 4.Cxd4 Cf6 5.Cc3 a6 6.Fe3 e5 7.Cb3 Fe6 8.f3 
Cbd7 9.Dd2 b5 10.a4 b4 11.Cd5 Fxd5 12.exd5 Cb6 13.Fxb6 Dxb6 14.a5 Db7 15.
Fc4 g6 16.Ta4 Tb8 17.Cc1 h5 18.Ca2 Fh6 19.De2 O-O 20.Cxb4 e4 21.O-O Dd7 
22.Cc6 Txb2 23.fxe4 Cg4 24.Ta3 Te8 25.Fxa6 f5 26.e5 Cxe5 27.Cxe5 Txe5 28.
Dc4 Da7+ 29.Rh1 Rh7 30.Dc6 Te7 31.Tb3 Tc7 32.Dxd6 Tbxc2 33.Db6 Da8 34.Fb7 
De8 35.d6 Td7 36.a6 De2 37.Db5 Dxb5 38.Txb5 Fe3 39.Td5 Rg7 40.g3 Rf6 41.
Te1 Fa7 42.Te8 Tc1+ 43.Rg2 g5 44.Tf8+ Re6 45.Tdxf5 Tc2+ 46.Rf1 Rxd6 47.
Td5+ Re6 48.Txd7 Rxd7 49.Tf5 Txh2 50.Fg2 Re6 51.Tf2 Re5 52.Tf7 Fd4 53.a7 
Fxa7 54.Txa7 h4 55.Ta5+ Rd4 56.Ta4+ Re5 57.g4 h3 58.Fa8 Tb2 59.Rg1 Te2 60.
Fb7 Tb2 61.Te4+ Rd6 62.Fc8 Rd5 63.Te3 h2+ 64.Rh1 Rd4 65.Te7 Tc2 66.Ff5 Tb2
67.Te4+ Rd5 68.Te3 Rd4 69.Te7 Ta2 70.Fc8 Tb2 71.Fb7 Tf2 72.Fg2 Tf4 73.Fh3 
Tf2 74.Tg7 Re3 75.Txg5 Ta2 1-0

[Event "Gp A"]
[Site "Cap d'Agde FRA"]
[Date "2003.10.26"]
[Round "6"]
[White "Topalov, Veselin"]
[Black "Bareev, Evgeny"]
[Result "1/2-1/2"]
[WhiteElo "2735"]
[BlackElo "2739"]
[EventDate "2003.10.24"]

1.e4 c6 2.d4 d5 3.e5 Ff5 4.h4 h5 5.c4 e6 6.Cc3 Fe7 7.g3 dxc4 8.Fxc4 Cd7 9.
Fe2 c5 10.Cf3 Ch6 11.d5 exd5 12.Fxh6 Txh6 13.Dxd5 Dc7 14.Cg5 Fe6 15.Cxe6 
fxe6 16.De4 Cxe5 17.O-O-O Rf8 18.Cb5 Db8 19.f4 Cc6 20.Td7 De8 21.Txb7 Cd4 
22.Cxd4 cxd4 23.Fd3 a5 24.Rb1 Tc8 25.Tc1 Txc1+ 26.Rxc1 e5 27.fxe5 Dc6+ 28.
Rd1 Dxe4 29.Fxe4 g5 30.Tb8+ Rg7 31.hxg5 Fxg5 32.Fd5 Tg6 33.Tb7+ Rf8 34.Ff7
Tg7 35.e6 h4 36.gxh4 Fxh4 37.Tb8+ Re7 38.Tb5 d3 39.Rd2 Tg3 40.Txa5 Rd6 41.
b4 Fg5+ 42.Txg5 Txg5 43.Rxd3 Tg3+ 44.Rc2 Ta3 45.Rb2 Te3 46.a4 Rc7 47.Rc2 
Rd6 48.a5 Tg3 49.Rb2 Te3 50.a6 Rc7 51.b5 Rb6 52.Rc2 Te5 53.Rd3 Txb5 54.Rd4
Rxa6 55.e7 Tb8 56.Rc5 Tc8+ 57.Rd6 Rb6 1/2-1/2

[Event "Gp A"]
[Site "Cap d'Agde FRA"]
[Date "2003.10.26"]
[Round "7"]
[White "Ponomariov, Ruslan"]
[Black "Topalov, Veselin"]
[Result "1/2-1/2"]
[WhiteElo "2718"]
[BlackElo "2735"]
[EventDate "2003.10.24"]

1.e4 e5 2.Cf3 Cc6 3.Fb5 a6 4.Fa4 Cf6 5.O-O Fe7 6.Te1 b5 7.Fb3 d6 8.c3 O-O 
9.d4 Fg4 10.Fe3 Fh5 11.h3 exd4 12.cxd4 d5 13.e5 Ce4 14.Cc3 Cxc3 15.bxc3 
Ca5 16.Fc2 Cc4 17.g4 Fg6 18.Ff5 a5 19.Cd2 Cxe3 1/2-1/2

[Event "GpA P/O Blitz"]
[Site "Cap d'Agde FRA"]
[Date "2003.10.26"]
[Round "1"]
[White "Gelfand, Boris"]
[Black "Topalov, Veselin"]
[Result "0-1"]
[WhiteElo "2703"]
[BlackElo "2735"]
[EventDate "2003.10.26"]

1.Cf3 Cf6 2.c4 g6 3.Cc3 Fg7 4.e4 d6 5.d4 O-O 6.Fe2 e5 7.Fe3 Ca6 8.O-O Cg4 
9.Fg5 De8 10.dxe5 dxe5 11.Cd2 f6 12.Fh4 h5 13.h3 Ch6 14.Te1 c6 15.a3 Fe6 
16.b4 Td8 17.Dc2 g5 18.Fg3 Dg6 19.c5 h4 20.Fh2 g4 21.hxg4 Cxg4 22.Fxg4 
Fxg4 23.f3 Fh6 24.Tad1 Fxd2 25.Txd2 Fxf3 26.Te3 Fg4 27.Ted3 Txd3 28.Txd3 
Cc7 29.Df2 Dg5 30.Dd2 Ce6 31.Dxg5+ Cxg5 32.b5 cxb5 33.Cxb5 Cxe4 34.Cxa7 
Cxc5 35.Tc3 Ce4 36.Tc4 Ff5 37.Rh1 Td8 38.Fg1 Td1 39.Rh2 Td2 40.Cc8 Rf8 41.
Fe3 Te2 42.Fc5+ Rf7 43.Cd6+ Cxd6 44.Fxd6 h3 0-1

[Event "GpA P/O Blitz"]
[Site "Cap d'Agde FRA"]
[Date "2003.10.26"]
[Round "2"]
[White "Topalov, Veselin"]
[Black "Gelfand, Boris"]
[Result "1/2-1/2"]
[WhiteElo "2735"]
[BlackElo "2703"]
[EventDate "2003.10.26"]

1.d4 Cf6 2.c4 e6 3.Cf3 d5 4.Cc3 c6 5.Fg5 h6 6.Fxf6 Dxf6 7.e3 Cd7 8.Dc2 g6 
9.cxd5 exd5 10.Fd3 Fg7 11.O-O O-O 12.b4 a6 13.a4 Dd6 14.Tab1 Cb6 15.h3 Fe6
16.Tfc1 Tac8 17.Ce2 Cc4 18.Fxc4 dxc4 19.a5 g5 20.Cd2 f5 21.Cxc4 De7 22.Ce5
De8 23.Te1 Tc7 24.b5 axb5 25.Txb5 Te7 26.Tc5 Fc8 27.f4 Ff6 28.a6 bxa6 29.
Txc6 Fb7 30.Tb6 Fe4 31.Db3+ Rh7 32.Cg3 gxf4 33.exf4 Fa8 34.Cxf5 Tc7 35.Dd3
Rh8 36.Cd6 Da4 37.Txa6 Dc2 38.Dxc2 Txc2 39.Cg6+ Rg7 40.Txa8 Fxd4+ 41.Rh2 
Txa8 42.Cf5+ Rxg6 43.Cxd4 Tb2 44.Te6+ Rf7 45.Te3 Ta4 46.Cf5 h5 47.Tf3 Rf6 
48.Ch4 Tc2 49.Rg3 Tcc4 50.Tf2 Tc3+ 51.Rh2 Tb4 52.Tf1 Tb2 53.Te1 Tf2 54.Te4
Ta2 55.Te1 Tc4 56.Rg3 Ta3+ 57.Cf3 Taa4 58.Te5 Rg6 59.Tg5+ Rh6 60.Tf5 Tc2 
61.Tf6+ Rg7 62.Tf5 Rg6 63.Tg5+ Rh6 64.Ch4 Ta3+ 65.Rh2 Tf2 66.Cf5+ Rh7 67.
Txh5+ Rg6 68.Tg5+ Rf6 69.Cg3 Txf4 70.Tg8 Rf7 71.Tb8 Ta2 72.Tb1 Tff2 73.Tg1
Rg6 74.Ce4 Tfe2 75.Cg3 Teb2 76.Ce4 Rf5 77.Cg3+ Rf4 78.Ch5+ Re3 79.Cg3 Tb8 
80.Te1+ Rd3 81.Td1+ Rc4 82.Tc1+ Rd5 83.Td1+ Re5 84.Te1+ Rf6 85.Tf1+ Rg6 
86.Te1 Tbb2 87.Tg1 Tc2 88.Ch1 Rg5 89.Cg3 1/2-1/2

[Event "KO Rapid"]
[Site "Cap d'Agde FRA"]
[Date "2003.10.28"]
[Round "1.1"]
[White "Svidler, Peter"]
[Black "Topalov, Veselin"]
[Result "1/2-1/2"]
[WhiteElo "2723"]
[BlackElo "2735"]
[EventDate "2003.10.28"]

1.e4 c5 2.Cf3 Cc6 3.d4 cxd4 4.Cxd4 Cf6 5.Cc3 e5 6.Cdb5 d6 7.Fg5 a6 8.Ca3 
b5 9.Fxf6 gxf6 10.Cd5 f5 11.Fd3 Fe6 12.c3 Fg7 13.Dh5 O-O 14.O-O f4 15.Tad1
Ta7 16.Cc2 Rh8 17.Ccb4 Cxb4 18.Cxb4 Dd7 19.Fe2 f5 20.exf5 Txf5 21.Dh4 Ff6 
22.Dh6 Fg7 23.Dh4 Ff6 24.Dh6 Fg7 1/2-1/2

[Event "KO Rapid"]
[Site "Cap d'Agde FRA"]
[Date "2003.10.28"]
[Round "1.2"]
[White "Topalov, Veselin"]
[Black "Svidler, Peter"]
[Result "0-1"]
[WhiteElo "2735"]
[BlackElo "2723"]
[EventDate "2003.10.28"]

1.e4 e5 2.Cf3 Cc6 3.Fb5 a6 4.Fa4 Cf6 5.O-O b5 6.Fb3 Fb7 7.d3 Fe7 8.a4 O-O 
9.Te1 h6 10.c3 b4 11.Cbd2 d5 12.exd5 Cxd5 13.Ce4 Rh8 14.d4 exd4 15.cxd4 
Cf6 16.Cg3 Fd6 17.Ce5 Fxe5 18.dxe5 Dxd1 19.Fxd1 Cd5 20.f4 f5 21.Fd2 Cd4 
22.Ce2 Ce6 23.Tc1 a5 24.Fb3 Tad8 25.Rf2 c5 26.Fe3 Cxe3 27.Rxe3 Fd5 28.Fxd5
Txd5 29.Ted1 Tfd8 30.Txd5 Txd5 31.h4 h5 32.Cg3 g6 33.Cf1 Td4 34.g3 c4 35.
Re2 Te4+ 36.Ce3 c3 37.bxc3 b3 38.c4 Cc5 39.Td1 Cxa4 40.Td8+ Rg7 41.Rd2 Cc5
42.Tc8 Td4+ 43.Rc1 Cd3+ 44.Rb1 Te4 45.Tc7+ Rf8 46.Tc8+ Rf7 0-1

[Event "Corsica Masters KO"]
[Site "Bastia FRA"]
[Date "2003.11.01"]
[Round "1.1"]
[White "Topalov, Veselin"]
[Black "Motylev, Alexander"]
[Result "1-0"]
[WhiteElo "2735"]
[BlackElo "2634"]
[EventDate "2003.11.01"]

1.c4 Cf6 2.d4 g6 3.Cc3 Fg7 4.e4 d6 5.Cf3 O-O 6.Fe2 e5 7.O-O Ca6 8.Te1 De8 
9.Ff1 Fg4 10.d5 Cb4 11.Fe2 a5 12.h3 Fd7 13.Ch2 Rh8 14.Fe3 Ca6 15.b3 Cg8 
16.Dd2 Cc5 17.Rh1 b6 18.Tf1 f5 19.exf5 gxf5 20.f4 Cf6 21.Ff3 Ch5 22.Fxh5 
Dxh5 23.fxe5 dxe5 24.d6 cxd6 25.Dxd6 Tf6 26.Dd1 Df7 27.Cd5 Tg6 28.Dc2 f4 
29.Fxc5 bxc5 30.Tae1 Ff5 31.De2 Tg8 32.Cf3 e4 33.Ch4 f3 34.Cxf3 exf3 35.
Dxf3 Tg5 36.g4 Tf8 37.gxf5 Fd4 38.f6 Tfg8 39.Ce7 Tg3 40.Df5 T3g5 41.De6 
Tg1+ 42.Txg1 Txg1+ 43.Rh2 Dxe6 44.Txe6 Tf1 45.Cd5 Rg8 46.Rg3 h5 47.Ta6 Rf7
48.Txa5 Rg6 49.Ta8 1-0

[Event "Corsica Masters KO"]
[Site "Bastia FRA"]
[Date "2003.11.01"]
[Round "1.2"]
[White "Motylev, Alexander"]
[Black "Topalov, Veselin"]
[Result "0-1"]
[WhiteElo "2634"]
[BlackElo "2735"]
[EventDate "2003.11.01"]

1.e4 c5 2.Cf3 e6 3.d4 cxd4 4.Cxd4 a6 5.Fd3 Fc5 6.Cb3 Fe7 7.O-O d6 8.Dg4 g6
9.De2 Cd7 10.Cc3 b6 11.Fd2 Fb7 12.Tae1 Cgf6 13.Fh6 Ff8 14.Fxf8 Rxf8 15.f4 
e5 16.Cd2 Rg7 17.Cc4 b5 18.Ce3 b4 19.Cb1 Fxe4 20.fxe5 Cxe5 21.Fxe4 Cxe4 
22.Tf4 Cg5 23.Txb4 Te8 24.Cc3 a5 25.Tb5 h5 26.h3 Dd7 27.Df1 f5 28.Ccd5 f4 
29.Dxf4 Cef3+ 30.Rh1 Tf8 31.Dc4 Cxe1 32.Cb6 De6 33.Dc3+ Rh6 34.Dxe1 Tae8 
35.Cbd5 Cxh3 36.Dd2 Cf2+ 37.Rg1 Rh7 38.Tb7+ Rg8 39.Dc3 De5 40.Dxe5 dxe5 
41.Ce7+ Rh7 42.C7f5+ Rh8 43.Ce7 Rg7 44.C7f5+ Rf6 45.Cd6 Te6 46.Cd5+ Rg5 
47.Cf7+ Txf7 48.Txf7 Cg4 49.c4 e4 50.Rf1 Ce5 51.Tc7 Cd3 52.b3 e3 53.Te7 
e2+ 0-1

[Event "Corsica Masters KO"]
[Site "Bastia FRA"]
[Date "2003.11.02"]
[Round "2.1"]
[White "Topalov, Veselin"]
[Black "Gurevich, Mikhail"]
[Result "1-0"]
[WhiteElo "2735"]
[BlackElo "2656"]
[EventDate "2003.11.01"]

1.e4 e6 2.d4 d5 3.Cc3 Cf6 4.Fg5 dxe4 5.Cxe4 Cbd7 6.Cf3 h6 7.Cxf6+ Cxf6 8.
Fxf6 Dxf6 9.Fd3 Fd7 10.De2 c5 11.Ce5 O-O-O 12.c3 cxd4 13.cxd4 Fb4+ 14.Rf1 
Rb8 15.h4 Fc8 16.De4 Td6 17.Cf3 Fa5 18.h5 Fb6 19.Th4 Thd8 20.Tf4 De7 21.
Fc4 Dc7 22.b3 f6 23.Te1 a6 24.Rg1 Fa5 25.Tb1 b5 26.Fe2 Fb7 27.De3 Tc6 28.
Tg4 Fb6 29.Dd3 e5 30.Dh7 Tc1+ 31.Txc1 Dxc1+ 32.Ff1 e4 33.Txg7 Fd5 34.Ch4 
Fxd4 35.Cf5 Fb6 36.Dg6 Df4 37.Dg3 Dxg3 38.Txg3 Fe6 39.Cxh6 Td1 40.Cg4 Fc7 
41.Ce3 Td8 42.Tg6 Ff7 43.Txf6 Fxh5 44.Txa6 b4 45.Th6 Ff7 46.g3 Td2 47.Th7 
Fe6 48.Te7 Fg8 49.Fg2 Td8 50.Fxe4 Fd6 51.Tb7+ Rc8 52.Ta7 Fc5 53.Ta8+ Rc7 
54.Txd8 Rxd8 55.Rf1 Rc7 56.Re2 Rd6 57.f4 Ff7 58.Cc4+ Re7 59.Rf3 Fd4 60.g4 
Fe8 61.Ce5 Rd6 62.Cd3 Fc3 63.g5 Fh5+ 64.Rg3 Fd2 65.Ff3 Fg6 66.Ce5 1-0

[Event "Corsica Masters KO"]
[Site "Bastia FRA"]
[Date "2003.11.02"]
[Round "2.2"]
[White "Gurevich, Mikhail"]
[Black "Topalov, Veselin"]
[Result "1/2-1/2"]
[WhiteElo "2656"]
[BlackElo "2735"]
[EventDate "2003.11.01"]

1.c4 c5 2.g3 g6 3.Fg2 Fg7 4.Cc3 Cc6 5.a3 b6 6.e4 e6 7.Cge2 Cge7 8.d3 d6 9.
Tb1 O-O 10.b4 Fb7 11.O-O Dd7 12.Fg5 h6 13.Fd2 Rh7 14.f4 f5 15.Fe3 Cd4 16.
Dd2 Cec6 17.h3 Tae8 18.Rh2 Cxe2 19.Cxe2 Cd4 20.bxc5 Cxe2 21.Dxe2 dxc5 22.
e5 Fxg2 23.Rxg2 Da4 24.Dd1 Dc6+ 25.Df3 Da4 26.Dd1 Dc6+ 27.Rf2 Tf7 28.Tb3 
Td7 29.Df3 Da4 30.Tc3 Ted8 31.Dd1 Dc6 32.Db3 g5 33.Tg1 h5 34.Dd1 g4 35.De2
Rg6 36.h4 Ff8 37.Tb1 Fe7 38.Tbb3 Dh1 39.De1 Dc6 40.Rg1 Rf7 41.De2 Re8 42.
Dg2 Da4 43.Rf2 Rf7 44.Re2 Re8 45.Dh1 Rf7 46.Rd2 Txd3+ 47.Txd3 Dxb3 48.Txd8
Fxd8 49.Db7+ Fe7 50.Dxa7 Db2+ 51.Rd3 Db3+ 52.Rd2 Db2+ 53.Rd3 Db3+ 1/2-1/2

[Event "Corsica Masters KO"]
[Site "Bastia FRA"]
[Date "2003.11.02"]
[Round "3.1"]
[White "Topalov, Veselin"]
[Black "Shirov, Alexei"]
[Result "1-0"]
[WhiteElo "2735"]
[BlackElo "2737"]
[EventDate "2003.11.01"]

1.e4 e5 2.Cf3 Cc6 3.Fb5 a6 4.Fa4 Cf6 5.O-O Fe7 6.Te1 b5 7.Fb3 O-O 8.h3 Fb7
9.d3 d6 10.a3 Ca5 11.Fa2 c5 12.Cbd2 Fc8 13.c3 Cc6 14.d4 exd4 15.cxd4 cxd4 
16.Cb3 Fe6 17.Cbxd4 Cxd4 18.Cxd4 Fxa2 19.Txa2 Tc8 20.Cf5 g6 21.Cxe7+ Dxe7 
22.b3 De6 23.Tae2 Cd7 24.Fb2 Tc6 25.f4 Tfc8 26.Te3 Tc2 27.Fa1 Ta2 28.T1e2 
Txa3 29.Fb2 Ta2 30.f5 De7 31.Ff6 Txe2 32.Fxe7 Txe3 33.Dxd6 Cc5 34.Dd2 Td3 
35.Dh6 1-0

[Event "Corsica Masters KO"]
[Site "Bastia FRA"]
[Date "2003.11.02"]
[Round "3.2"]
[White "Shirov, Alexei"]
[Black "Topalov, Veselin"]
[Result "1-0"]
[WhiteElo "2737"]
[BlackElo "2735"]
[EventDate "2003.11.01"]

1.e4 c5 2.Cf3 Cc6 3.c3 Cf6 4.e5 Cd5 5.Fc4 Cb6 6.Fb3 d5 7.exd6 Dxd6 8.O-O 
Fe6 9.Ca3 Fxb3 10.axb3 Dd3 11.Te1 e6 12.Te3 Dd7 13.Cc4 Cxc4 14.bxc4 Td8 
15.b3 Fe7 16.Fb2 O-O 17.Dc2 Dc7 18.d4 cxd4 19.cxd4 Ff6 20.Td1 Ce7 21.De2 
b5 22.Fa3 bxc4 23.bxc4 Tfe8 24.d5 Cf5 25.Te4 Cd6 26.Fxd6 Txd6 27.Te1 h6 
28.g3 a5 29.Da2 Te7 30.dxe6 Texe6 31.Txe6 Txe6 32.Txe6 fxe6 33.Da4 Db6 34.
h4 Rf8 35.Dd7 Dc5 36.Dxe6 a4 37.g4 a3 38.Da6 Fb2 39.Rg2 Dc7 40.g5 Df4 41.
Dc8+ Re7 42.c5 h5 43.Db7+ Re6 44.Db3+ Rd7 45.Dd5+ Rc7 46.g6 a2 47.Df7+ Rc8
48.Dxf4 1-0

[Event "Corsica Masters KO"]
[Site "Bastia FRA"]
[Date "2003.11.02"]
[Round "3.3"]
[White "Shirov, Alexei"]
[Black "Topalov, Veselin"]
[Result "1/2-1/2"]
[WhiteElo "2737"]
[BlackElo "2735"]
[EventDate "2003.11.01"]

1.e4 c5 2.Cf3 Cc6 3.Cc3 g6 4.d4 cxd4 5.Cxd4 Fg7 6.Fe3 Cf6 7.Fc4 O-O 8.Fb3 
d6 9.f3 Fd7 10.Dd2 Cxd4 11.Fxd4 b5 12.Cd5 Cxd5 13.Fxg7 Rxg7 14.Fxd5 Tc8 
15.O-O-O Db6 16.h4 h6 17.h5 g5 18.f4 f6 19.fxg5 fxg5 20.Tdf1 b4 21.e5 dxe5
22.Fb3 Dd4 23.De2 Tf6 24.Txf6 exf6 25.Td1 Fg4 26.Txd4 Fxe2 27.Td7+ Rh8 28.
Ff7 Fg4 29.Txa7 e4 30.Rd2 f5 31.Fg6 Td8+ 32.Re3 Tc8 33.Rd2 Td8+ 34.Re3 Tc8
35.Rd2 1/2-1/2

[Event "Corsica Masters KO"]
[Site "Bastia FRA"]
[Date "2003.11.02"]
[Round "3.4"]
[White "Topalov, Veselin"]
[Black "Shirov, Alexei"]
[Result "1-0"]
[WhiteElo "2735"]
[BlackElo "2737"]
[EventDate "2003.11.01"]

1.e4 e5 2.Cf3 Cc6 3.Fb5 a6 4.Fa4 Cf6 5.O-O Fe7 6.d3 b5 7.Fb3 O-O 8.a4 Tb8 
9.axb5 axb5 10.h3 d6 11.Fe3 Fe6 12.Fxe6 fxe6 13.Cbd2 Dd7 14.c3 b4 15.Cc4 
Ta8 16.Db3 bxc3 17.bxc3 Tfb8 18.Dc2 Cd8 19.Ta2 Txa2 20.Dxa2 Cf7 21.Da6 h6 
22.Ta1 c5 23.g3 Rh7 24.Rg2 Tb3 25.Fd2 Fd8 26.Da4 Db7 27.Da8 Fe7 28.Ta7 
Dxa8 29.Txa8 Tb7 30.Rf1 Cd7 31.Ta6 Rg8 32.Re2 g6 33.Rd1 Rg7 34.Rc2 Cb8 35.
Ta8 Cd7 36.Ca5 Tc7 37.Ta6 Cb8 38.Tb6 Cd7 39.Tb7 Txb7 40.Cxb7 d5 41.Fe3 Rf8
42.c4 dxe4 43.dxe4 Re8 44.Rb3 Cf6 45.Cd2 Cd7 46.Ra4 h5 47.Rb5 h4 48.gxh4 
Fxh4 49.Cxc5 Re7 50.Cb7 Cd6+ 51.Cxd6 Rxd6 52.c5+ Rc7 53.Cc4 Cf6 54.f3 Fg3 
55.c6 Ce8 56.Fd2 Rc8 57.Fc3 Cc7+ 58.Ra5 1-0

[Event "Corsica Masters KO"]
[Site "Bastia FRA"]
[Date "2003.11.03"]
[Round "4.1"]
[White "Topalov, Veselin"]
[Black "Anand, Viswanathan"]
[Result "1/2-1/2"]
[WhiteElo "2735"]
[BlackElo "2766"]
[EventDate "2003.11.01"]

1.d4 Cf6 2.c4 e6 3.Cc3 Fb4 4.Dc2 d5 5.a3 Fxc3+ 6.Dxc3 Ce4 7.Dc2 c5 8.dxc5 
Cc6 9.cxd5 exd5 10.Cf3 Ff5 11.b4 d4 12.g4 Fg6 13.Dc4 d3 14.Fe3 Df6 15.Td1 
Td8 16.g5 Df5 17.Fg2 d2+ 18.Cxd2 Cxd2 19.Fxd2 O-O 20.Df4 De6 21.Fxc6 bxc6 
22.Tc1 f6 23.Tg1 fxg5 24.Dc4 Td5 25.Txg5 Te8 26.Fe3 Fe4 27.Txd5 Fxd5 28.
Dd4 h6 29.Tc3 Dg6 30.f3 Dh5 31.h4 Te6 32.Rf2 Rh7 33.a4 a6 34.Df4 Tf6 35.
Dg3 Tg6 36.Df4 Tf6 37.Dg3 Tg6 1/2-1/2

[Event "Corsica Masters KO"]
[Site "Bastia FRA"]
[Date "2003.11.03"]
[Round "4.2"]
[White "Anand, Viswanathan"]
[Black "Topalov, Veselin"]
[Result "1/2-1/2"]
[WhiteElo "2766"]
[BlackElo "2735"]
[EventDate "2003.11.01"]

1.e4 c5 2.Cf3 d6 3.d4 cxd4 4.Cxd4 Cf6 5.Cc3 a6 6.Fe3 e5 7.Cb3 Fe6 8.f3 
Cbd7 9.Dd2 b5 10.a4 b4 11.Cd5 Fxd5 12.exd5 Cb6 13.Fxb6 Dxb6 14.a5 Db7 15.
Fc4 g6 16.Ta4 Tb8 17.Cc1 h5 18.Ca2 Fh6 19.De2 Dd7 20.b3 O-O 21.O-O e4 22.
fxe4 Cg4 23.Cxb4 f5 24.Cc6 fxe4 25.Cxb8 Da7+ 26.Rh1 Txf1+ 27.Dxf1 Cf2+ 28.
Rg1 Ch3+ 29.Rh1 Cf2+ 1/2-1/2

[Event "Corsica Masters KO"]
[Site "Bastia FRA"]
[Date "2003.11.03"]
[Round "4.3"]
[White "Anand, Viswanathan"]
[Black "Topalov, Veselin"]
[Result "1/2-1/2"]
[WhiteElo "2766"]
[BlackElo "2735"]
[EventDate "2003.11.01"]

1.e4 c5 2.Cf3 d6 3.d4 cxd4 4.Cxd4 Cf6 5.Cc3 a6 6.Fe3 e5 7.Cb3 Fe6 8.f3 
Cbd7 9.g4 Cb6 10.g5 Ch5 11.Dd2 Fe7 12.O-O-O Tc8 13.Tg1 g6 14.Rb1 O-O 15.h4
Dc7 16.Df2 Fd8 17.Cc1 f6 18.gxf6 Txf6 19.Th1 Cc4 20.Fxc4 Fxc4 21.Cd3 Df7 
22.Ce1 Fa5 23.Cd5 Fxd5 24.Txd5 Fxe1 25.Txe1 Txf3 26.Dd2 Tc6 27.Txd6 Txd6 
28.Dxd6 Txe3 29.Db8+ 1/2-1/2

[Event "Corsica Masters KO"]
[Site "Bastia FRA"]
[Date "2003.11.03"]
[Round "4.4"]
[White "Topalov, Veselin"]
[Black "Anand, Viswanathan"]
[Result "1/2-1/2"]
[WhiteElo "2735"]
[BlackElo "2766"]
[EventDate "2003.11.01"]

1.e4 c5 2.Cf3 e6 3.d4 cxd4 4.Cxd4 Cc6 5.Cc3 Dc7 6.Fe3 a6 7.Dd2 Cf6 8.O-O-O
Fb4 9.f3 Ca5 10.a3 Fxc3 11.Dxc3 Dxc3 12.bxc3 d5 13.e5 Cd7 14.f4 b5 15.Cb3 
Cc4 16.Fxc4 bxc4 17.Cc5 Tb8 18.Rd2 Tb5 19.Cxd7 Fxd7 20.a4 Tb8 21.Tb1 O-O 
22.a5 Tb5 23.Txb5 Fxb5 24.Fd4 f5 25.exf6 gxf6 26.g4 Rf7 27.h4 h5 28.g5 
fxg5 29.fxg5 Rg6 30.Ff6 Te8 31.Te1 e5 32.Fxe5 Rf5 33.Fg3 1/2-1/2

[Event "Corsica Masters KO"]
[Site "Bastia FRA"]
[Date "2003.11.03"]
[Round "4.5"]
[White "Topalov, Veselin"]
[Black "Anand, Viswanathan"]
[Result "0-1"]
[WhiteElo "2735"]
[BlackElo "2766"]
[EventDate "2003.11.01"]

1.e4 e5 2.Cf3 Cc6 3.Fb5 a6 4.Fa4 Cf6 5.d3 d6 6.c3 Fd7 7.O-O g6 8.Te1 Fg7 
9.Fg5 h6 10.Fh4 g5 11.Fg3 Ch5 12.Cxe5 Cxe5 13.Fxd7+ Dxd7 14.Fxe5 dxe5 15.
Dxh5 Dxd3 16.Ca3 Dd6 17.Cc4 De6 18.Ce3 O-O-O 19.Cf5 Ff6 20.g3 Td7 21.Te2 
Thd8 22.Rg2 a5 23.b3 Rb8 24.Tae1 c6 25.Te3 Th8 26.T1e2 Fd8 27.Tf3 Fb6 28.
Ce3 Fxe3 29.Texe3 f6 30.Dg6 Td6 31.Tf5 h5 32.h3 h4 33.Tef3 hxg3 34.fxg3 
Td2+ 35.Tf2 Txf2+ 36.Rxf2 Txh3 37.Rg2 g4 38.Dxf6 Dxf6 39.Txf6 Th7 40.Tg6 
Td7 41.Txg4 Td2+ 42.Rh3 Txa2 43.Tg5 Tb2 44.Txe5 b5 45.Te8+ Rc7 46.e5 Txb3 
47.Te7+ Rb6 48.Rg4 Txc3 49.e6 Te3 50.Rf4 Te1 51.Rf5 a4 52.Te8 a3 53.Ta8 b4
54.g4 Rc7 55.g5 b3 56.Ta7+ Rd6 57.Txa3 b2 58.Td3+ Re7 59.Td7+ Re8 60.Tb7 
b1=D+ 61.Txb1 Txb1 0-1

[Event "Corsica Masters KO"]
[Site "Bastia FRA"]
[Date "2003.11.03"]
[Round "4.6"]
[White "Anand, Viswanathan"]
[Black "Topalov, Veselin"]
[Result "1-0"]
[WhiteElo "2766"]
[BlackElo "2735"]
[EventDate "2003.11.01"]

1.e4 c5 2.Cf3 d6 3.Cc3 Cf6 4.e5 dxe5 5.Cxe5 a6 6.a4 g6 7.Fc4 e6 8.O-O Fg7 
9.d3 O-O 10.Te1 Dc7 11.Df3 Cbd7 12.Ff4 Da5 13.h4 Cb6 14.Fd2 Cxc4 15.Cxc4 
Dd8 16.Ff4 Cd5 17.Fe5 Dxh4 18.Fxg7 Rxg7 19.Cxd5 exd5 20.Dxd5 Fe6 21.Dxc5 
Tac8 22.De5+ Rg8 23.Te4 Dh6 24.Tae1 Tfd8 25.b3 Td5 26.Df4 Dg7 27.Cb6 Tf5 
28.Dd2 Tc6 29.Cc4 h5 30.De3 Dc3 31.Te2 b5 32.Ce5 Td6 33.Cxg6 1-0

[Event "Hotel Bali Stars"]
[Site "Benidorm ESP"]
[Date "2003.11.27"]
[Round "1"]
[White "Topalov, Veselin"]
[Black "Vallejo Pons, Francisco"]
[Result "1/2-1/2"]
[WhiteElo "2735"]
[BlackElo "2662"]
[EventDate "2003.11.27"]

1.e4 e5 2.Cf3 Cc6 3.Fb5 Cf6 4.O-O Cxe4 5.d4 Cd6 6.Fxc6 dxc6 7.dxe5 Cf5 8.
Dxd8+ Rxd8 9.Cc3 Ce7 10.h3 Cg6 11.Fg5+ Re8 12.Tad1 Fd7 13.a3 h6 14.Fc1 Td8
15.Tfe1 Fe7 16.Ce4 Fe6 17.Txd8+ Rxd8 18.Cd4 Fd7 19.f4 Ch4 20.Rf2 h5 21.g3 
Cf5 22.Cf3 c5 23.Td1 Re8 24.Cc3 Cd4 25.Cd5 Fd8 26.Cxd4 cxd4 27.Txd4 Fxh3 
28.Ce3 Fd7 29.Cg2 Th6 30.Fe3 Tc6 31.c3 a5 32.Ch4 Fxh4 33.gxh4 Tg6 34.f5 
Fxf5 35.Fg5 Fd7 36.b4 axb4 37.axb4 Te6 38.Td5 b6 39.b5 c6 40.bxc6 Txc6 41.
Td6 Txd6 42.exd6 f6 43.Fe3 b5 44.Rg3 Rf7 45.Rf4 Re6 46.Fc5 Rd5 47.Fb4 Rc4 
48.Fa5 Rc5 49.Fb4+ Rd5 50.Fa3 Rc4 51.Fb4 Rd3 52.Fa5 Fe6 53.Fb4 Fc8 54.Fa5 
Fg4 55.Fb4 Fh3 56.Fa5 Fd7 57.Fb4 Re2 58.Fc5 Rf1 59.Rg3 Re1 60.Rf4 Rf1 61.
Re4 1/2-1/2

[Event "Hotel Bali Stars"]
[Site "Benidorm ESP"]
[Date "2003.11.27"]
[Round "2"]
[White "Mamedyarov, Shakhriyar"]
[Black "Topalov, Veselin"]
[Result "0-1"]
[WhiteElo "2595"]
[BlackElo "2735"]
[EventDate "2003.11.27"]

1.d4 d5 2.c4 c6 3.Cf3 Cf6 4.Cc3 dxc4 5.Ce5 Cbd7 6.Cxc4 b5 7.Ce3 Fb7 8.g3 
c5 9.d5 a6 10.Fg2 g6 11.O-O Fg7 12.a4 b4 13.Cb1 a5 14.Dc2 O-O 15.Cd2 Ce8 
16.Cec4 Cd6 17.e4 Fa6 18.Td1 Tc8 19.f4 Cb6 20.Ff1 Fd4+ 21.Rg2 Cdxc4 22.
Cxc4 Cxd5 23.Fe2 Cf6 24.Ff3 Dc7 25.Fd2 Fxc4 26.Dxc4 Fxb2 27.Tab1 Fd4 28.
Tbc1 Cd7 29.Fxb4 axb4 30.Txd4 Da7 31.Td2 Cb6 32.Db5 Cxa4 33.Ta1 Cc3 34.Df1
Dc7 35.e5 c4 36.Ta6 Dc5 37.e6 f5 38.h4 Ce4 39.Td7 c3 40.Taa7 c2 0-1

[Event "Hotel Bali Stars"]
[Site "Benidorm ESP"]
[Date "2003.11.27"]
[Round "3"]
[White "Topalov, Veselin"]
[Black "Karjakin, Sergey"]
[Result "1-0"]
[WhiteElo "2735"]
[BlackElo "2562"]
[EventDate "2003.11.27"]

1.e4 c5 2.Cf3 d6 3.d4 cxd4 4.Cxd4 Cf6 5.Cc3 a6 6.Fe3 e5 7.Cf3 Dc7 8.Fg5 
Cbd7 9.a4 h6 10.Fh4 g5 11.Fg3 Cc5 12.Cd2 Fe6 13.Fe2 O-O-O 14.O-O h5 15.h4 
Fh6 16.Ta3 g4 17.Fd3 Rb8 18.Te1 Ff4 19.Cf1 d5 20.exd5 Cxd5 21.Cxd5 Fxd5 
22.Ce3 Fc6 23.b4 Cxd3 24.cxd3 Dd6 25.Db1 The8 26.Rh2 Fxe3 27.fxe3 f5 28.
Tf1 Tf8 29.Dc1 Dxb4 30.Fxe5+ Ra8 31.Fg3 De7 32.Tc3 De6 33.a5 Dd5 34.Tf2 
Tf6 35.Da3 Te8 36.Tc5 Dd7 37.e4 Tef8 38.Tcxf5 Txf5 39.Dxf8+ Txf8 40.Txf8+ 
De8 41.Txe8+ Fxe8 42.Fc7 b5 43.axb6 Rb7 44.Rg3 a5 45.Rf4 a4 46.Fd6 Rxb6 
47.g3 Rc6 48.Fa3 Ff7 49.Rg5 Rd7 50.Rf6 Fb3 51.d4 Fc2 52.Re5 Rc6 53.d5+ Rd7
54.Rd4 1-0

[Event "Hotel Bali Stars"]
[Site "Benidorm ESP"]
[Date "2003.11.27"]
[Round "4"]
[White "Hillarp Persson, Tiger"]
[Black "Topalov, Veselin"]
[Result "0-1"]
[WhiteElo "2512"]
[BlackElo "2735"]
[EventDate "2003.11.27"]

1.d4 Cf6 2.c4 e6 3.Cc3 Fb4 4.f3 d5 5.a3 Fxc3+ 6.bxc3 c5 7.cxd5 Cxd5 8.dxc5
Da5 9.e4 Cc7 10.Dd4 f6 11.Db4 Cc6 12.Dxa5 Cxa5 13.Tb1 e5 14.f4 exf4 15.
Fxf4 Ce6 16.Fd6 Fd7 17.Cf3 Tc8 18.Cd4 Cxc5 19.Cb5 Cxe4 20.Fb4 Cc6 21.Fd3 
a6 22.Fxe4 axb5 23.O-O Cxb4 24.cxb4 Fc6 25.Ff5 Td8 26.Tbe1+ Rf8 27.Tf2 g6 
28.Fb1 Td6 29.Fa2 h5 30.h4 Th7 31.Fb1 f5 32.Rh2 Thd7 33.Rg3 Rg7 34.Tfe2 
Td4 35.Rh3 Tc4 36.Te3 Td2 37.Te7+ Rf8 38.T7e2 Tc3+ 39.Rh2 Td4 40.g3 Txa3 
41.Tf2 Txb4 42.Fxf5 gxf5 43.Txf5+ Rg7 44.g4 Tb2+ 45.Rg1 Tg3+ 46.Rf1 Fg2+ 
0-1

[Event "Hotel Bali Stars"]
[Site "Benidorm ESP"]
[Date "2003.11.28"]
[Round "5"]
[White "Topalov, Veselin"]
[Black "Romero Holmes, Alfonso"]
[Result "1/2-1/2"]
[WhiteElo "2735"]
[BlackElo "2544"]
[EventDate "2003.11.27"]

1.Cf3 d6 2.d4 Cf6 3.c4 g6 4.Cc3 Fg7 5.e4 O-O 6.Fe2 Fg4 7.Fe3 Cfd7 8.Tc1 c5
9.d5 b5 10.cxb5 a6 11.bxa6 Cxa6 12.O-O Da5 13.Cd2 Fxe2 14.Dxe2 Tfb8 15.Cc4
Db4 16.a3 Db3 17.Tc2 Cc7 18.Fg5 Rf8 19.f4 h6 20.Fh4 Cb6 21.Cxb6 Txb6 22.e5
Cxd5 23.Cxd5 Dxd5 24.Td2 De6 25.Df3 Tab8 26.Te1 dxe5 1/2-1/2

[Event "Hotel Bali Stars"]
[Site "Benidorm ESP"]
[Date "2003.11.28"]
[Round "6"]
[White "Graf, Alexander"]
[Black "Topalov, Veselin"]
[Result "1/2-1/2"]
[WhiteElo "2646"]
[BlackElo "2735"]
[EventDate "2003.11.27"]

1.d4 Cf6 2.c4 e6 3.Cc3 Fb4 4.e3 O-O 5.Ce2 d5 6.a3 Fd6 7.Cg3 b6 8.cxd5 exd5
9.Fe2 Te8 10.O-O c6 11.b4 a6 12.Fb2 Cbd7 13.Dc2 b5 14.Fd3 Cb6 15.e4 dxe4 
16.Ccxe4 Cxe4 17.Fxe4 Fe6 18.Fxh7+ Rh8 19.Fe4 Tc8 20.Cf5 Fd5 21.Tae1 Ff8 
22.Dd3 g6 23.Fxd5 Cxd5 24.Dh3+ Rg8 25.Ch6+ Fxh6 26.Dxh6 Df6 27.Te5 Df4 28.
Dh3 f6 29.Txe8+ Txe8 30.Dd7 Te2 31.Dxc6 De4 32.Fc1 Te1 33.Dc8+ Rf7 34.Db7+
Rg8 35.Da8+ Rf7 36.Db7+ Rg8 37.Da8+ 1/2-1/2